书目信息 |
| 题名: |
百花百话
|
|
| 作者: | 高世良 著 | |
| 分册: | ||
| 出版信息: | 天津 百花文艺出版社 2007.08 |
|
| 页数: | 456页 | |
| 开本: | 23cm | |
| 丛书名: | ||
| 单 册: | ||
| 中图分类: | S68 | |
| 科图分类: | ||
| 主题词: | 花卉--hua hui--观赏园艺 , 园林树木--yuan lin shu mu--观赏园艺 | |
| 电子资源: | ||
| ISBN: | 978-7-5306-4763-9 | |
| 000 | 00812nam0 2200241 450 | |
| 001 | 012008143661 | |
| 005 | 20080602135749.50 | |
| 010 | @a978-7-5306-4763-9@dCNY52.00 | |
| 100 | @a20080602d2007 em y0chiy0120 ea | |
| 101 | 0 | @achi |
| 102 | @aCN@b120000 | |
| 105 | @aa z 000yy | |
| 106 | @ar | |
| 200 | 1 | @a百花百话@Abai hua bai hua@f高世良著@Fgao shi liang zhu |
| 210 | @a天津@c百花文艺出版社@d2007.08 | |
| 215 | @a456页@c图@d23cm | |
| 330 | @a本书收集了128种花卉及观赏树木,分别介绍了这些花卉如何欣赏,如何种植、养护,有什么药用价值等等。每个品种都有名家诗词,并配有黑白、彩色插图等。 | |
| 606 | 0 | @a花卉@Ahua hui@x观赏园艺 |
| 606 | 0 | @a园林树木@Ayuan lin shu mu@x观赏园艺 |
| 690 | @aS68@v4 | |
| 701 | 0 | @a高世良@Agao shi liang@4著 |
| 801 | 0 | @aCN@bQSSK@c20080602 |
| 905 | @b721144-45@dS68@eG173@f2 | |
| 百花百话/高世良著.-天津:百花文艺出版社,2007.08 |
| 456页:图;23cm |
| ISBN 978-7-5306-4763-9:CNY52.00 |
| 本书收集了128种花卉及观赏树木,分别介绍了这些花卉如何欣赏,如何种植、养护,有什么药用价值等等。每个品种都有名家诗词,并配有黑白、彩色插图等。 |
| ● |
| 相关链接 |
|
|
|
正题名:百花百话
索取号:S68/G173
 
预约/预借
| 序号 | 登录号 | 条形码 | 馆藏地/架位号 | 状态 | 备注 |
| 1 | 721144 | 207211444 | 自科库401/401自科库 97排1列5层/ [索取号:S68/G173] | 在馆 | |
| 2 | 721145 | 207211453 | 自科库401/401自科库 97排1列5层/ [索取号:S68/G173] | 在馆 |